000 00464nam a2200193Ia 4500
003 0100
005 20150826125308.0
008 130303s9999 xx 000 0 und d
040 _cARRUPELIB
050 _aQE707.T4R313 1961
100 _aRabut, Olivier A
_918891
245 _aTeilhard de Chardin
245 _ba critical study
260 _aNew York
260 _bSheed and Ward
_c1961
300 _a247p.
300 _b 24cm.
942 _2lcc
_cMONOGRAPH
999 _c46002
_d46002